| 000 | 00960nam a2200301 a 4500 | ||
|---|---|---|---|
| 999 |
_c9017 _d9017 |
||
| 001 | 9017 | ||
| 003 | BD-JhCC | ||
| 005 | 20180307121453.0 | ||
| 008 | 180307s1929 nyu 001 0 eng d | ||
| 035 | _a(BD-JhCC)9017 | ||
| 035 | _a(OCoLC)352253 | ||
| 040 |
_aBD-JhCC _cODaWU _dBD-JhCC _dDLC |
||
| 041 | _aeng | ||
| 050 | 0 | 0 |
_aPR1175 _b.A78 |
| 082 |
_a808.1 _bAUS 1929 |
||
| 100 | 1 |
_aAuslander, Joseph, _d1897-1965, |
|
| 245 | 1 | 4 |
_aThe winged horse anthology, _cby Joseph Auslander and Frank Ernest Hill; with decorations by Paul Honoré. |
| 260 |
_aGarden City, N.Y., _bDoubleday, Doran & Company, inc., _c1929. |
||
| 300 |
_axxxi, 669 p. _c24 cm. |
||
| 500 | _aCompanion volume to the editors' The winged horse. | ||
| 500 | _a"First edition." | ||
| 504 | _aIncludes Index and Bibliography | ||
| 650 | 0 | _aEnglish poetry. | |
| 650 | 0 | _aAmerican poetry. | |
| 700 | 1 |
_aHill, Frank Ernest, _d1888-1969, |
|
| 942 |
_2ddc _cBK |
||